Imposing duties (Бичлэгийн дугаар. 146052)
| 000 -УДИРДЛАГА | |
|---|---|
| Удирдлага | 00959nam a22003137a 4500 |
| 003 - ХЯНАЛТЫН ТОО ТОДОРХОЙЛОГЧ | |
| Код | MN-UlNUM |
| 005 - БИЧИЛТ ХИЙСЭН ОГНОО | |
| Тухайн бичилтийг бичсэн засварласан сүүлийн огноо | 20260102142410.0 |
| 008 - ЕРӨНХИЙ МЭДЭЭЛЭЛ | |
| Ерөнхий мэдээлэл | 260102s1994 ctu|b||| |||| 001 0 eng | |
| 020 ## - ISBN | |
| ISBN | 0275947807 |
| -- | 0275947815 |
| 040 ## - БИЧЛЭГ ҮҮСГЭГЧ БАЙГУУЛЛАГА | |
| Бичлэг үүсгэгч номын сангийн код | МУИС-ийн номын сан |
| 084 ## - ББК АНГИЛАЛ | |
| Нэмэлт тусгалт | Бусад |
| ББК ангилал | 68.4 |
| Зохиогчийн гурван тэмдэгт | S 78 |
| Мэдлэгийн ялгаа | 68 - Цэрэг |
| 100 1# - ЗОХИОГЧ | |
| Зохиогчийн нэр | Sparrow, Malcolm K. |
| 245 10 - ҮНДСЭН ГАРЧИГ | |
| Номын нэр | Imposing duties |
| Бага гарчгийн мэдээ | Government's changing approach to compliance |
| Оролцогчдын тухай мэдээ | Malcolm K. Sparrow. |
| 260 ## - ГАРАЛТЫН МЭДЭЭ | |
| Хэвлэгдсэн газар | Westport, Conn. : |
| Хэвлэлийн газар | Praeger, |
| Хэвлэгдсэн он | 1994. |
| 300 ## - МАТЕРИАЛЫН ТОДОРХОЙЛОЛТ | |
| хуудасны тоо | xxxiii, 181 p.; |
| Хэмжээ | 25 cm. |
| 500 ## - Тайлбар | |
| Дансны дугаар | БС 4814 |
| 546 ## - ХЭЛНИЙ ТУХАЙ МЭДЭЭ | |
| Хэл | Англи хэл дээр, |
| 653 ## - Түлхүүр үг | |
| Түлхүүр үг | police administration |
| 653 ## - Түлхүүр үг | |
| Түлхүүр үг | environmental policy |
| 653 ## - Түлхүүр үг | |
| Түлхүүр үг | tax administration and procedure |
| 740 ## - НОМЫН ГАРЧИГ | |
| Гарчиг | Evolving Strategies |
| 740 ## - НОМЫН ГАРЧИГ | |
| Гарчиг | Redefining the Unit of Work |
| 740 ## - НОМЫН ГАРЧИГ | |
| Гарчиг | Relationships |
| 740 ## - НОМЫН ГАРЧИГ | |
| Гарчиг | Redefining Analysis |
| 740 ## - НОМЫН ГАРЧИГ | |
| Гарчиг | Unfinished Business |
| 942 ## - ЭЛЕМЕНТИЙН ТӨРӨЛ | |
| Зүйлийн төрөл | Ном |
